000 00672nam a2200289Ia 4500
005 20260324125417.0
008 008 260324s9999 xx 000 0 eng d
020 _a9781315711096
037 _aEBOOK
040 _aCRL
040 _beng
040 _cCRL
041 _2eng
041 _aeng
084 _qCRL
100 _aPaul-Francois Tremlett
_91177877
245 0 _aLevi-Strauss on Religion
245 4 _bThe Structuring Mind
260 _bTaylor and Francis
260 _c2009
365 _a
365 _b230
856 _uhttp://www.taylorfrancis.com/books/9781315711096
942 _cEBOOK
999 _c1773109
_d1773109